| 000 | 00729nam a2200253 4500 | ||
|---|---|---|---|
| 001 | 4259969 | ||
| 005 | 20141024085811.0 | ||
| 007 | 000 | ||
| 008 | 000 | ||
| 010 | _a 84017813 | ||
| 020 |
_a0131116347 : _c$35.95 (est.) |
||
| 040 |
_aUOEL _cDLC _dDLC |
||
| 050 | 0 | 0 |
_aQA303 _b.S55 1985 |
| 082 | 0 | 0 |
_a515/.15 _219 |
| 100 | 1 | _aSilverman, Richard A. | |
| 245 | 1 | 0 |
_aCalculus with analytic geometry / _cRichard A. Silverman. |
| 260 |
_aEnglewood Cliffs, N.J. : _bPrentice-Hall, _cc1985. |
||
| 300 |
_axvi, 970, 67, 18 p. : _bill. ; _c26 cm. |
||
| 500 | _aIncludes index. | ||
| 650 | 0 |
_aCalculus. _xMathematics |
|
| 650 | 0 |
_aGeometry, Analytic. _xMathematics |
|
| 906 |
_a7 _bcbc _corignew _d1 _eocip _f19 _gy-gencatlg |
||
| 942 |
_2lcc _cSL2 |
||
| 999 |
_c924 _d924 |
||